[Event "Reykjavik Open 2024"]
[Site "Reykjavik ISL"]
[Date "2024.03.21"]
[Round "9.12"]
[White "Garifullina, Leya"]
[Black "Prraneeth, Vuppala"]
[Result "1/2-1/2"]
[WhiteTitle "IM"]
[BlackTitle "GM"]
[WhiteElo "2413"]
[BlackElo "2506"]
[WhiteFideId "34127035"]
[BlackFideId "46622373"]
[EventDate "2024.03.15"]

1. e4 c5 2. Nf3 d6 3. d4 cxd4 4. Nxd4 Nf6 5. Nc3 a6 6. Be3 e5 7. Nb3 Be7 8. f3
Be6 9. Qd2 h5 10. Nd5 Nxd5 11. exd5 Bf5 12. Be2 a5 13. a4 Nd7 14. O-O O-O 15. f4
exf4 16. Bxf4 Rc8 17. c3 Nf6 18. Nd4 Be4 19. c4 Bg6 20. Bd3 Qb6 21. Bxg6 fxg6
22. b3 Ng4 23. h3 g5 24. Rae1 Bf6 25. hxg4 Qxd4+ 26. Qxd4 Bxd4+ 27. Be3 Rxf1+
28. Kxf1 Rf8+ 29. Kg1 Re8 30. Kf2 Rf8+ 31. Kg1 Re8 32. Kf2 Rf8+ 33. Kg1 1/2-1/2

[Event "Reykjavik Open 2024"]
[Site "Reykjavik ISL"]
[Date "2024.03.21"]
[Round "9.13"]
[White "Zhu, Jiner"]
[Black "Cieslak, Patryk"]
[Result "1/2-1/2"]
[WhiteTitle "GM"]
[BlackTitle "FM"]
[WhiteElo "2467"]
[BlackElo "2325"]
[WhiteFideId "8608059"]
[BlackFideId "21078882"]
[EventDate "2024.03.15"]

1. e4 c6 2. d4 d5 3. e5 Bf5 4. h4 h5 5. Bd3 Bxd3 6. Qxd3 Qa5+ 7. Nd2 e6 8. Nf3
Qa6 9. c4 Bb4 10. b3 Ne7 11. a4 c5 12. dxc5 Nd7 13. O-O Nxc5 14. Qc2 Rc8 15. Ba3
Bxa3 16. Rxa3 Qa5 17. cxd5 exd5 18. Ra2 Ne6 19. Qb1 Qb4 20. Rc1 O-O 21. Rxc8
Rxc8 22. Rc2 Rc3 23. g3 d4 24. Rc1 Rxc1+ 25. Qxc1 Qc3 26. Qd1 d3 27. Nc4 Nd5 28.
Nfd2 Nb6 29. Ne4 Qc2 30. Ne3 Qxd1+ 31. Nxd1 Nd7 32. f4 Ndc5 33. Nd2 Nd4 34. Nb2
Ncxb3 35. Nxb3 Nxb3 36. Nxd3 b6 37. Kf2 Nd4 38. Ke3 Nf5+ 39. Kf3 Nd4+ 40. Ke3
Nf5+ 41. Kf3 g6 42. g4 hxg4+ 43. Kxg4 Ng7 44. Nb4 Ne6 45. Nc6 Nc5 1/2-1/2

[Event "Reykjavik Open 2024"]
[Site "Reykjavik ISL"]
[Date "2024.03.21"]
[Round "9.14"]
[White "Galperin, Platon"]
[Black "Heimisson, Hilmir Freyr"]
[Result "1-0"]
[WhiteTitle "GM"]
[BlackTitle "IM"]
[WhiteElo "2555"]
[BlackElo "2355"]
[WhiteFideId "14165414"]
[BlackFideId "2309998"]
[EventDate "2024.03.15"]

1. d4 d5 2. c4 c6 3. Nf3 Nf6 4. Nc3 dxc4 5. e4 b5 6. Qc2 e6 7. Be2 Bb7 8. O-O
Be7 9. Rb1 O-O 10. b3 cxb3 11. Rxb3 Nbd7 12. e5 Nd5 13. Nxd5 exd5 14. Bd3 h6 15.
Bf5 Kh8 16. Ne1 Re8 17. Rh3 Bf8 18. Nf3 f6 19. Bxd7 Qxd7 20. exf6 g5 21. Nxg5 1-0

[Event "Reykjavik Open 2024"]
[Site "Reykjavik ISL"]
[Date "2024.03.21"]
[Round "9.15"]
[White "Stelmaszyk, Nico"]
[Black "Adhiban, Baskaran"]
[Result "0-1"]
[WhiteTitle "FM"]
[BlackTitle "GM"]
[WhiteElo "2347"]
[BlackElo "2541"]
[WhiteFideId "16200462"]
[BlackFideId "5018471"]
[EventDate "2024.03.15"]

1. e4 c5 2. c3 Nf6 3. e5 Nd5 4. Bc4 Nb6 5. Bb3 Nc6 6. d4 cxd4 7. cxd4 d5 8. Bc2
Nb4 9. Na3 Nxc2+ 10. Nxc2 e6 11. Ne2 Bd7 12. O-O Be7 13. b3 Bb5 14. a4 Bxe2 15.
Qxe2 Rc8 16. Ne3 O-O 17. Bd2 Rc6 18. f4 f6 19. Rf3 Nd7 20. a5 fxe5 21. fxe5 Rxf3
22. Qxf3 Qe8 23. Qg4 Qg6 24. Qxg6 hxg6 25. Ra2 a6 26. Kf2 Nb8 27. Ke2 Rc8 28.
Rc2 Nc6 29. Kd3 Rf8 30. Bc3 Bb4 31. Rc1 Rf4 32. g3 Rf2 33. Rc2 Rf3 34. Bb2 Bxa5
35. Ke2 Rf7 36. Rc1 Bb6 37. Nc2 Na5 38. Bc3 Nc6 39. Rf1 Rxf1 40. Kxf1 Ba5 41. b4
Bd8 42. Ke2 Be7 43. Kd3 Kf7 44. Bd2 Ke8 45. Kc3 Na7 46. Kb3 Nc8 47. Ne1 Nb6 48.
Nd3 Nc4 49. Bc1 Kd7 50. Nb2 Kc6 51. Nd3 Kd7 52. h4 Ke8 53. Ka4 Nb6+ 54. Ka5 Nc4+
55. Ka4 b5+ 56. Kb3 a5 57. bxa5 Nxa5+ 58. Kc3 Nc6 59. Nf4 Kf7 60. Nh3 Bb4+ 61.
Kd3 Be1 62. Bf4 Ke7 63. Ng5 b4 64. Nf3 Bc3 65. g4 Na7 66. Be3 Nb5 67. Kc2 Na3+
68. Kd3 Nc4 69. Bg5+ Ke8 70. Bc1 Ba1 71. Bd2 b3 72. Bb4 Bb2 73. Nd2 Nxd2 74.
Kxd2 Bxd4 0-1

[Event "Reykjavik Open 2024"]
[Site "Reykjavik ISL"]
[Date "2024.03.21"]
[Round "9.16"]
[White "Fernandez, Daniel Howard"]
[Black "Domalchuk-Jonasson, Aleksandr"]
[Result "1-0"]
[WhiteTitle "GM"]
[BlackTitle "FM"]
[WhiteElo "2532"]
[BlackElo "2355"]
[WhiteFideId "5801605"]
[BlackFideId "14142805"]
[EventDate "2024.03.15"]

1. e4 c6 2. Nf3 d5 3. exd5 cxd5 4. d4 Nc6 5. Bb5 Nf6 6. O-O Bg4 7. h3 Bxf3 8.
Qxf3 a6 9. Bxc6+ bxc6 10. Bg5 Ne4 11. Bf4 e6 12. Nc3 Nxc3 13. Qxc3 Rc8 14. Qg3
g6 15. Be5 f6 16. Bf4 Kf7 17. Rfe1 Bg7 18. Qa3 a5 19. h4 Re8 20. h5 Qb6 21. Rad1
c5 22. c4 cxd4 23. cxd5 e5 24. Bd2 Rc5 25. b4 axb4 26. Qb3 Bf8 27. d6+ Re6 28.
d7 Qd8 29. Bxb4 Rb5 30. Rxd4 Rxb4 31. Rxb4 Bxb4 32. Qxb4 Qxd7 33. a4 Kg7 34. a5
Rd6 35. Qb3 Rd3 36. Qc2 Rd2 37. Qc1 gxh5 38. a6 Qd4 39. Rf1 Ra2 40. Qb1 Qd2 41.
Qb7+ Kg6 42. a7 Qa5 43. Qe4+ Kh6 44. Qf3 Kg6 45. Qe4+ Kh6 46. Qf5 Qb6 47. Rb1
Qc6 48. Qd3 Qa4 49. Qd8 Kg6 50. Qg8+ Kh6 51. Qf7 Kg5 52. Qg7+ Kf5 53. Qxh7+ Kg5
54. a8=R Qxa8 55. Rb7 Qc8 56. Rg7+ Kf4 57. g3+ 1-0

[Event "Reykjavik Open 2024"]
[Site "Reykjavik ISL"]
[Date "2024.03.21"]
[Round "9.17"]
[White "Karsten, Jan"]
[Black "Krzyzanowski, Marcin"]
[Result "1/2-1/2"]
[WhiteTitle "IM"]
[BlackTitle "GM"]
[WhiteElo "2323"]
[BlackElo "2524"]
[WhiteFideId "14350653"]
[BlackFideId "1132199"]
[EventDate "2024.03.15"]

1. e4 c5 2. Nf3 d6 3. d4 cxd4 4. Nxd4 Nf6 5. Nc3 a6 6. Bg5 Nbd7 7. Bc4 Qb6 8.
Bb3 e6 9. Bxf6 Nxf6 10. Qd2 Be7 11. O-O-O O-O 12. f4 Nd7 13. f5 Nc5 14. fxe6
Nxb3+ 15. axb3 fxe6 16. e5 Qa5 17. Kb1 Qxe5 18. Rhe1 Qf6 19. Qe2 Re8 20. Nxe6
Bxe6 21. Qxe6+ Qxe6 22. Rxe6 Bf8 23. Ree1 g6 24. Nd5 Bg7 25. h3 Re5 26. Rxe5
Bxe5 27. Rf1 h5 28. c3 Kg7 29. Kc2 Re8 30. Kd3 g5 31. b4 Kg6 32. g4 Bh8 33. b3
hxg4 34. hxg4 Be5 35. c4 Rh8 36. Ne7+ Kg7 37. Nf5+ Kg6 38. Ne7+ Kg7 39. Ke4 Rh2
40. Nf5+ Kg6 41. c5 Rg2 42. Kf3 Rb2 43. cxd6 1/2-1/2

[Event "Reykjavik Open 2024"]
[Site "Reykjavik ISL"]
[Date "2024.03.21"]
[Round "9.18"]
[White "Stefansson, Hannes"]
[Black "Ragnarsson, Dagur"]
[Result "1/2-1/2"]
[WhiteTitle "GM"]
[BlackTitle "IM"]
[WhiteElo "2481"]
[BlackElo "2337"]
[WhiteFideId "2300087"]
[BlackFideId "2304058"]
[EventDate "2024.03.15"]

1. e4 e6 2. d4 d5 3. Nc3 Nf6 4. Bg5 dxe4 5. Nxe4 Be7 6. Bxf6 gxf6 7. Nc3 a6 8.
g3 Nc6 9. Nge2 e5 10. d5 Na7 11. Qd3 Bg4 12. h3 Bh5 13. f4 exf4 14. gxf4 Bxe2
15. Bxe2 Qd6 16. Qe3 Qc5 17. Qxc5 Bxc5 18. Ne4 Be7 19. Rg1 Nb5 20. Bxb5+ axb5
21. Ke2 Ra4 22. Kf3 f5 23. Ng3 h5 24. Nxf5 Bf6 25. c3 b4 26. cxb4 Bxb2 27. Rae1+
Kd8 28. Rg2 Bf6 29. Rc2 Rxb4 30. Rec1 Bb2 31. Rb1 Ba3 32. Rxb4 Bxb4 33. Rb2 Bc5
34. Rxb7 Kd7 35. Rb5 Bd6 36. a4 Rg8 37. Ng3 h4 38. Ne2 Be7 39. a5 Ra8 40. Nd4
Bf6 41. Nc6 Kd6 42. Kg4 Ra6 43. Rb8 Kc5 44. f5 Bc3 45. Rd8 f6 46. Kxh4 Bxa5 47.
Nxa5 Rxa5 48. Rd7 c6 49. d6 Kd4 50. Kg4 Ke5 51. Re7+ Kxd6 52. Re6+ Kd7 53. h4
Ra1 54. Kh5 Rg1 55. Rxf6 Ke7 56. Rxc6 Kf7 57. Rg6 Rf1 58. Kg5 Rg1+ 59. Kh6 Rf1
60. Rg5 Kf6 61. h5 Rh1 1/2-1/2

[Event "Reykjavik Open 2024"]
[Site "Reykjavik ISL"]
[Date "2024.03.21"]
[Round "9.19"]
[White "Xu, Yuanyuan"]
[Black "Stefansson, Vignir Vatnar"]
[Result "1/2-1/2"]
[WhiteTitle "WGM"]
[BlackTitle "GM"]
[WhiteElo "2288"]
[BlackElo "2464"]
[WhiteFideId "8601089"]
[BlackFideId "2308649"]
[EventDate "2024.03.15"]

1. d4 Nf6 2. c4 c5 3. d5 g6 4. Nc3 Bg7 5. e4 d6 6. h3 O-O 7. Nf3 e6 8. Be3 exd5
9. cxd5 b6 10. Nd2 Ba6 11. Bxa6 Nxa6 12. O-O Nc7 13. a4 Re8 14. Qe2 a6 15. Qd3
Qe7 16. Bf4 Rad8 17. Rfe1 Nh5 18. Bh2 Be5 19. g3 b5 20. axb5 axb5 21. Ra7 Rd7
22. Nf3 c4 23. Qd1 b4 24. Nxe5 dxe5 25. Rxc7 bxc3 26. Rxd7 Qxd7 27. bxc3 Qxh3
28. Qe2 Nf6 29. f3 Rb8 30. g4 Nd7 31. Qf1 Qxf1+ 32. Rxf1 Rb3 33. Ra1 Kf8 34. Ra7
Ke8 35. d6 f6 36. g5 fxg5 37. Bxe5 Nxe5 38. Re7+ Kd8 39. Rxe5 Rxc3 40. Rc5 Rxf3
41. Rxc4 g4 42. Rc7 h5 43. e5 Re3 44. Re7 g3 45. e6 h4 1/2-1/2

[Event "Reykjavik Open 2024"]
[Site "Reykjavik ISL"]
[Date "2024.03.21"]
[Round "9.20"]
[White "Unzicker, Ferdinand"]
[Black "Hjartarson, Johann"]
[Result "0-1"]
[WhiteTitle "FM"]
[BlackTitle "GM"]
[WhiteElo "2284"]
[BlackElo "2460"]
[WhiteFideId "4619196"]
[BlackFideId "2300044"]
[EventDate "2024.03.15"]

1. c4 e5 2. Nc3 Nf6 3. g3 d5 4. cxd5 Nxd5 5. Bg2 Nb6 6. Nf3 Nc6 7. O-O Be7 8. d3
O-O 9. Be3 Bg4 10. a3 Re8 11. Rc1 Bf8 12. h3 Bh5 13. Na4 e4 14. Nd2 exd3 15. g4
dxe2 16. Qxe2 Nd4 17. Qd1 Nxa4 18. gxh5 Nxb2 19. Qg4 c5 20. Bxd4 Qxd4 21. Qxd4
cxd4 22. Rc7 Re7 23. Rfc1 Rae8 24. Bxb7 Nd3 25. Rxe7 Rxe7 26. Rb1 Nf4 27. Nf3 d3
28. Ba6 Nxh3+ 29. Kg2 Nf4+ 30. Kg3 Nxh5+ 31. Kh4 Re4+ 0-1

[Event "Reykjavik Open 2024"]
[Site "Reykjavik ISL"]
[Date "2024.03.21"]
[Round "9.21"]
[White "Bisby, Daniel L"]
[Black "Seemann, Jakub"]
[Result "0-1"]
[WhiteTitle "FM"]
[BlackTitle "IM"]
[WhiteElo "2273"]
[BlackElo "2451"]
[WhiteFideId "404586"]
[BlackFideId "21874697"]
[EventDate "2024.03.15"]

1. e4 c6 2. d4 d5 3. e5 Bf5 4. h4 h5 5. Bd3 Bxd3 6. Qxd3 Qa5+ 7. Nd2 e6 8. Nf3
Nh6 9. O-O Nf5 10. b3 Be7 11. g3 O-O 12. c4 Rd8 13. Bb2 c5 14. dxc5 Bxc5 15. Kg2
Nc6 16. Qe2 Bd4 17. Rab1 Qxa2 18. Nxd4 Ncxd4 19. Qxh5 Nxb3 20. Nf3 dxc4 21. g4
Nh6 22. g5 Nf5 23. g6 fxg6 24. Qxg6 Qa6 0-1

[Event "Reykjavik Open 2024"]
[Site "Reykjavik ISL"]
[Date "2024.03.21"]
[Round "9.22"]
[White "Pourkashiyan, Atousa"]
[Black "Nevednichy, Vladislav"]
[Result "0-1"]
[WhiteTitle "WGM"]
[BlackTitle "GM"]
[WhiteElo "2270"]
[BlackElo "2445"]
[WhiteFideId "12502014"]
[BlackFideId "1205730"]
[EventDate "2024.03.15"]

1. e4 c5 2. Nf3 d6 3. d4 cxd4 4. Nxd4 Nf6 5. Nc3 Bd7 6. Bg5 e6 7. Qd2 a6 8.
O-O-O h6 9. Bxf6 Qxf6 10. f4 Nc6 11. Nb3 Qd8 12. h4 b5 13. g4 b4 14. Ne2 a5 15.
Kb1 Qb6 16. Rh3 a4 17. Nbd4 Be7 18. g5 a3 19. b3 Rc8 20. Rg3 hxg5 21. hxg5 g6
22. Rh3 Rxh3 23. Bxh3 Qc5 24. Bg4 Bf8 25. e5 Nxd4 26. Nxd4 Qc3 27. Qxc3 Rxc3 28.
exd6 Bxd6 29. Ne2 Rc6 30. Bf3 Rb6 31. c4 bxc3 32. Kc2 Ke7 33. Rd4 e5 34. Rc4
Bf5+ 35. Be4 Be6 36. Ra4 exf4 37. Nxc3 Rb8 38. Ra7+ Kf8 39. Nd5 Rc8+ 40. Kd3 Rd8
41. Kc4 Be7 42. b4 Bxb4 43. Kxb4 Bxd5 44. Bxd5 Rxd5 45. Rxa3 Rxg5 46. Rf3 Rf5
47. a4 Ke7 48. a5 Kd6 49. Rc3 f3 50. a6 f2 51. a7 Rf4+ 52. Kb3 f1=Q 53. Rc6+ Kd7
54. a8=Q Qb5+ 55. Ka3 Qb4+ 0-1

[Event "Reykjavik Open 2024"]
[Site "Reykjavik ISL"]
[Date "2024.03.21"]
[Round "9.23"]
[White "Large, Peter G"]
[Black "Injac, Teodora"]
[Result "1-0"]
[WhiteTitle "IM"]
[BlackTitle "IM"]
[WhiteElo "2262"]
[BlackElo "2434"]
[WhiteFideId "400866"]
[BlackFideId "932400"]
[EventDate "2024.03.15"]

1. e4 c5 2. Nc3 Nc6 3. Bb5 Nd4 4. Nf3 e6 5. O-O a6 6. Bd3 Nxf3+ 7. Qxf3 Qc7 8.
b3 Bd6 9. Kh1 Ne7 10. Bb2 Be5 11. Rae1 Ng6 12. g3 h5 13. h4 b5 14. Qe2 Bb7 15.
f4 Bd4 16. Kh2 O-O-O 17. a4 b4 18. Nd1 Qb6 19. Bxd4 cxd4 20. Nb2 d6 21. Nc4 Qc7
22. a5 Kb8 23. Nb6 Ka7 24. Qf2 e5 25. f5 Nf8 26. f6 g5 27. hxg5 Rg8 28. Bc4 Rxg5
29. c3 bxc3 30. dxc3 Kb8 31. cxd4 exd4 32. Bd5 Qc3 33. Rc1 Qxa5 34. Qxd4 Nd7 35.
Nc4 Qc5 36. Qd2 Bxd5 37. Qxg5 Bxe4 38. Qf4 Ne5 39. Qxe4 Ng4+ 40. Kh3 Nf2+ 41.
Rxf2 Qxf2 42. Na5 1-0

[Event "Reykjavik Open 2024"]
[Site "Reykjavik ISL"]
[Date "2024.03.21"]
[Round "9.24"]
[White "Bulmaga, Irina"]
[Black "Papadiamandis, Elliot"]
[Result "0-1"]
[WhiteTitle "IM"]
[BlackTitle "IM"]
[WhiteElo "2429"]
[BlackElo "2302"]
[WhiteFideId "13903063"]
[BlackFideId "36074160"]
[EventDate "2024.03.15"]

1. e4 c5 2. Nf3 d6 3. d4 cxd4 4. Nxd4 Nf6 5. Nc3 a6 6. h3 e5 7. Nb3 Be6 8. f4 g6
9. Be2 Be7 10. Be3 Nbd7 11. O-O Rc8 12. fxe5 dxe5 13. Qe1 O-O 14. Rd1 Ne8 15.
Qd2 Qc7 16. Bg4 Nb6 17. Qf2 Nc4 18. Nd5 Bxd5 19. Bxc8 Nxe3 20. Qxe3 Bxb3 21.
Qxb3 Qxc8 22. Rf3 Nd6 23. Rc3 Qb8 24. Qd5 Nb5 25. Rcd3 Nd4 26. Qd7 Bc5 27. Kh1
Ne6 28. Qa4 Be7 29. b4 Qc8 30. Qd7 Bxb4 31. Qxc8 Rxc8 32. Rb1 Bf8 33. Rxb7 Rxc2
34. Rd5 Rxa2 35. g3 Re2 36. Rxe5 Bd6 37. Ra5 Bxg3 38. Rb3 Bf4 39. Rxa6 Rxe4 40.
Kg2 Kg7 41. Ra7 Be5 42. Raa3 Re2+ 43. Kf1 Rc2 44. Rf3 Nf4 45. Rae3 Kf6 46. Ra3
Kf5 47. Ke1 f6 0-1

[Event "Reykjavik Open 2024"]
[Site "Reykjavik ISL"]
[Date "2024.03.21"]
[Round "9.25"]
[White "Karamsetty, Jeevan"]
[Black "Thorhallsson, Throstur"]
[Result "0-1"]
[WhiteTitle "FM"]
[BlackTitle "GM"]
[WhiteElo "2187"]
[BlackElo "2388"]
[WhiteFideId "2025337"]
[BlackFideId "2300109"]
[EventDate "2024.03.15"]

1. e4 c5 2. Nf3 Nc6 3. Bb5 e6 4. Bxc6 dxc6 5. d3 Ne7 6. e5 Ng6 7. O-O Be7 8. Nc3
Qc7 9. Qe2 O-O 10. a4 b6 11. Rb1 Bd7 12. b3 f6 13. exf6 gxf6 14. Bh6 Rf7 15.
Rfe1 Bf8 16. Qd2 e5 17. h3 Kh8 18. Ne2 Bxh6 19. Qxh6 Rg8 20. Kh1 Be6 21. Rg1 Ne7
22. Ng3 Rxg3 23. Nxe5 Qxe5 24. Rbe1 Qg5 25. Qxg5 Rxg5 26. Rxe6 Re5 27. Re1 Rxe1+
28. Rxe1 Nf5 29. c3 Re7 0-1

[Event "Reykjavik Open 2024"]
[Site "Reykjavik ISL"]
[Date "2024.03.21"]
[Round "9.26"]
[White "Sidhant, Mohapatra"]
[Black "Paasikangas, Johanna"]
[Result "1-0"]
[WhiteTitle "IM"]
[BlackTitle "FM"]
[WhiteElo "2379"]
[BlackElo "2046"]
[WhiteFideId "5028698"]
[BlackFideId "500879"]
[EventDate "2024.03.15"]

1. e4 c5 2. Nf3 d6 3. d4 cxd4 4. Nxd4 Nf6 5. Nc3 Nc6 6. Bg5 e6 7. Qd2 a6 8.
O-O-O Bd7 9. Kb1 Nxd4 10. Qxd4 Be7 11. f3 Qc7 12. h4 b5 13. Qd2 h6 14. Be3 Rc8
15. g4 b4 16. Ne2 a5 17. Nd4 e5 18. Nb5 Bxb5 19. Bxb5+ Nd7 20. g5 h5 21. g6 O-O
22. Rhg1 fxg6 23. Rxg6 Rf7 24. Rdg1 Nf8 25. R6g2 Kh7 26. Ba4 Bf6 27. Bb3 Re7 28.
Qe2 g6 29. f4 1-0

[Event "Reykjavik Open 2024"]
[Site "Reykjavik ISL"]
[Date "2024.03.21"]
[Round "9.27"]
[White "Jacobsen, Mikkel Manosri"]
[Black "Sushanth, Kamabathula"]
[Result "0-1"]
[WhiteTitle "FM"]
[WhiteElo "2367"]
[BlackElo "1918"]
[WhiteFideId "1444514"]
[BlackFideId "25712667"]
[EventDate "2024.03.15"]

1. d4 Nf6 2. c4 g6 3. Nc3 Bg7 4. Nf3 O-O 5. Bg5 d6 6. e3 Nbd7 7. Be2 c6 8. Qc2
e5 9. O-O Qe7 10. Rad1 h6 11. Bh4 g5 12. dxe5 dxe5 13. Bg3 Nh5 14. Nd2 Nxg3 15.
hxg3 f5 16. g4 e4 17. gxf5 Bxc3 18. Qxc3 Nf6 19. f4 exf3 20. Rxf3 Ng4 21. Rg3
Nf6 22. e4 Bxf5 23. e5 Rad8 24. Re3 Ne8 25. Rf1 Ng7 26. g4 Bg6 27. Rf6 Rxf6 28.
exf6 Qd6 29. Re7 Ne6 30. Qe3 Nf4 31. Ne4 Bxe4 32. Qxe4 Qxf6 33. Rxb7 Qd4+ 34.
Qxd4 Nxe2+ 35. Kf2 Nxd4 36. Rxa7 Re8 37. b4 Re2+ 38. Kf1 Rc2 39. c5 h5 40. gxh5
g4 41. h6 Nf5 42. Rc7 g3 43. Rxc6 g2+ 44. Kg1 Nh4 0-1

[Event "Reykjavik Open 2024"]
[Site "Reykjavik ISL"]
[Date "2024.03.21"]
[Round "9.28"]
[White "Brackmann, Hendrik"]
[Black "Dauner, Benedikt"]
[Result "0-1"]
[BlackTitle "FM"]
[WhiteElo "2037"]
[BlackElo "2366"]
[WhiteFideId "12905135"]
[BlackFideId "16225899"]
[EventDate "2024.03.15"]

1. e4 e6 2. d4 a6 3. Nf3 d5 4. e5 c5 5. c3 Bd7 6. Be2 Bb5 7. Bxb5+ axb5 8. dxc5
Bxc5 9. b4 Bb6 10. Qd3 Nc6 11. Na3 f6 12. exf6 Nxf6 13. O-O O-O 14. Nxb5 e5 15.
Qe2 Ng4 16. Be3 Bxe3 17. fxe3 Qb6 18. Rfe1 e4 19. Nfd4 Nce5 20. h3 Rf2 21. Qd1
Qg6 22. hxg4 Rxg2+ 23. Kxg2 Nxg4 24. Qe2 Rf8 25. Rf1 Nf2+ 26. Kh2 Qg4 0-1

[Event "Reykjavik Open 2024"]
[Site "Reykjavik ISL"]
[Date "2024.03.21"]
[Round "9.30"]
[White "Ivanchuk, Vasyl"]
[Black "Pollack, Oscar"]
[Result "1-0"]
[WhiteTitle "GM"]
[WhiteElo "2625"]
[BlackElo "2092"]
[WhiteFideId "14100010"]
[BlackFideId "429414"]
[EventDate "2024.03.15"]

1. e4 e6 2. d4 d5 3. Nc3 Bb4 4. e5 Ne7 5. a3 Bxc3+ 6. bxc3 c5 7. h4 Nbc6 8. h5
Qa5 9. Bd2 Qa4 10. Rb1 a6 11. Nf3 cxd4 12. cxd4 Nxd4 13. Bd3 Nec6 14. h6 Nxf3+
15. Qxf3 Nxe5 16. Qg3 Nxd3+ 17. cxd3 g6 18. Qe5 f6 19. Qxf6 Rg8 20. Rxb7 Bxb7
21. Qxe6+ Kd8 22. O-O Kc7 23. Rc1+ Bc6 24. Ba5+ Kb7 25. Rb1+ Ka7 26. Qe7+ 1-0

[Event "Reykjavik Open 2024"]
[Site "Reykjavik ISL"]
[Date "2024.03.21"]
[Round "9.31"]
[White "Jin, Yueheng"]
[Black "Schliebener, Stephan"]
[Result "1-0"]
[WhiteElo "2404"]
[BlackElo "2088"]
[WhiteFideId "8616868"]
[BlackFideId "4621662"]
[EventDate "2024.03.15"]

1. d4 Nf6 2. c4 e6 3. g3 Bb4+ 4. Bd2 Qe7 5. Bg2 O-O 6. Nf3 Bxd2+ 7. Qxd2 d5 8.
O-O c6 9. Qc2 Nbd7 10. Nbd2 b6 11. e4 Nxe4 12. Nxe4 dxe4 13. Qxe4 Bb7 14. Rfe1
h6 15. Rac1 a5 16. Qe3 a4 17. c5 bxc5 18. dxc5 Ra5 19. Qa3 Rfa8 20. Ne5 Nxe5 21.
Rxe5 Qc7 22. Re4 Bc8 23. Rd4 Bd7 24. Rcc4 e5 25. Rd6 R5a6 26. Re4 f6 27. Re2 Be8
28. Red2 Ra5 29. Be4 Qa7 30. Bxc6 Bxc6 31. Rxc6 Rb8 32. Qc3 Rab5 33. Qc4+ Qf7
34. Qxa4 Rxb2 35. Rxb2 Rxb2 36. Rc8+ Kh7 37. Rd8 Rxa2 38. Qe4+ f5 39. Qxe5 Rc2
40. h4 Rc1+ 41. Kh2 Rc2 42. Qd4 Qc4 43. Qxc4 Rxc4 44. Rc8 Kg6 45. Kg2 Rc3 46.
Rc7 h5 47. c6 Kf6 48. Rc8 Ke6 49. f3 Rc2+ 50. Kf1 Kf6 51. Ke1 f4 52. gxf4 Kg6
53. c7 Kh7 54. f5 Rc4 55. Kd2 Rc6 56. Kd3 Rc1 57. Kd4 Rc2 58. Ke5 Rc3 59. Kf4
Rc5 60. Kg5 Rc3 61. Kxh5 Rc4 62. Kg5 Rc5 63. Kg4 Rc4+ 64. Kg3 Rc3 65. h5 Rc4 66.
h6 1-0

[Event "Reykjavik Open 2024"]
[Site "Reykjavik ISL"]
[Date "2024.03.21"]
[Round "9.32"]
[White "Tania, Sachdev"]
[Black "Payne, Matthew J"]
[Result "1-0"]
[WhiteTitle "IM"]
[WhiteElo "2393"]
[BlackElo "2077"]
[WhiteFideId "5007844"]
[BlackFideId "417084"]
[EventDate "2024.03.15"]

1. d4 Nf6 2. c4 g6 3. Nc3 Bg7 4. e4 d6 5. Bd3 O-O 6. Nge2 Nc6 7. O-O Nd7 8. Bc2
e5 9. d5 Nd4 10. Nxd4 exd4 11. Nb5 Ne5 12. Nxd4 Nxc4 13. Rb1 Qf6 14. Ne2 c6 15.
b3 Nb6 16. Bb2 Qe7 17. Bxg7 Kxg7 18. a4 cxd5 19. a5 Nd7 20. Qxd5 f5 21. Rbd1 Nf6
22. Qxd6 Qxd6 23. Rxd6 Nxe4 24. Bxe4 fxe4 25. h3 Rf6 26. Rd8 b6 27. Rc1 Rf8 28.
Rc7+ Kg8 29. Rd4 Be6 30. b4 bxa5 31. Rxe4 Rf7 32. Rxf7 Kxf7 33. bxa5 Rc8 34. Rb4
Rc7 35. f3 Kf6 36. Nd4 Bc4 37. f4 g5 38. fxg5+ Kxg5 39. a6 Rc8 40. Rb7 Bxa6 41.
Rxh7 1-0

[Event "Reykjavik Open 2024"]
[Site "Reykjavik ISL"]
[Date "2024.03.21"]
[Round "9.33"]
[White "Ruiz Buendia, Miguel"]
[Black "Beisteiner, Joachim"]
[Result "1-0"]
[WhiteTitle "FM"]
[WhiteElo "2366"]
[BlackElo "2079"]
[WhiteFideId "24537675"]
[BlackFideId "1682296"]
[EventDate "2024.03.15"]

1. e4 e5 2. Nf3 Nc6 3. Bb5 a6 4. Ba4 Nf6 5. O-O d6 6. c3 Bd7 7. d4 g6 8. Re1 Bg7
9. Nbd2 O-O 10. Nf1 exd4 11. cxd4 b5 12. Bc2 Bg4 13. Ng3 Nd7 14. Be3 Qf6 15. Ne2
Bxf3 16. gxf3 Qxf3 17. Nc3 Qh3 18. Bd3 Nf6 19. Bf1 Qh4 20. f3 Nh5 21. Qd2 Na5
22. Bg5 Bxd4+ 23. Kg2 Nf4+ 24. Bxf4 c5 25. Nd5 Qd8 26. Bh6 Re8 27. Bg5 f6 28.
Nxf6+ Bxf6 29. Bxf6 Qxf6 30. Qxa5 Qxb2+ 31. Kh1 Qf6 32. Be2 d5 33. a4 dxe4 34.
axb5 exf3 35. Bc4+ Kh8 36. Rxe8+ Rxe8 37. Qxa6 Qd4 38. Bf1 Re5 39. Qf6+ 1-0

[Event "Reykjavik Open 2024"]
[Site "Reykjavik ISL"]
[Date "2024.03.21"]
[Round "9.34"]
[White "Ptacnikova, Lenka"]
[Black "Lohia, Sohum"]
[Result "0-1"]
[WhiteTitle "WGM"]
[BlackTitle "FM"]
[WhiteElo "2067"]
[BlackElo "2354"]
[WhiteFideId "305650"]
[BlackFideId "5819369"]
[EventDate "2024.03.15"]

1. d4 Nf6 2. Nc3 d5 3. Bf4 e6 4. Nb5 Na6 5. e3 Be7 6. Nf3 O-O 7. Ne5 Ne4 8. f3
Nf6 9. g4 Nd7 10. Qd2 c6 11. Nc3 Nxe5 12. Bxe5 Nb8 13. a3 b6 14. Bg3 c5 15. Bg2
Nc6 16. O-O cxd4 17. exd4 Nxd4 18. Rad1 Ba6 19. Rfe1 Nb5 20. Nxb5 Bxb5 21. f4
Re8 22. f5 Bc5+ 23. Kh1 Rc8 24. Qf4 Qf6 25. c3 Rcd8 26. g5 Qxf5 27. Qxf5 exf5
28. Rxe8+ Bxe8 29. Rxd5 Rxd5 30. Bxd5 Be3 31. Bb8 a5 32. b4 axb4 33. axb4 Bxg5
34. Bd6 b5 35. c4 bxc4 36. Bxc4 Bc6+ 37. Kg1 Be3+ 38. Kf1 Bb6 39. Ke2 g5 40. Be7
g4 41. Bd6 Kg7 42. Ba6 h5 43. Bg3 Kf6 44. b5 Bf3+ 45. Ke1 Kg5 46. h4+ gxh3 47.
Bh2 Be3 48. Kf1 Kg4 49. Bc8 Bf4 50. Kg1 Be3+ 51. Kf1 Be4 52. Ke2 Bf4 53. Bxf4
Kxf4 54. b6 h2 55. b7 h1=Q 56. b8=Q+ Kg4 57. Qb4 Qf3+ 58. Kd2 Qf4+ 59. Kc3 Qc1+ 0-1